| 000 | 01851cam a2200169 4500500 | ||
|---|---|---|---|
| 005 | 20260301004041.0 | ||
| 041 | _afre | ||
| 042 | _adc | ||
| 100 | 1 | 0 |
_aFridenson, Patrick _eauthor |
| 245 | 0 | 0 | _aFrançoise THÉBAUD. – Écrire l’histoire des femmes. Fontenay-aux-Roses, E.N.S. Éditions, 1998,217 pages. Préface d’Alain CORBIN. « Sociétés, espaces, temps ». |
| 260 | _c2002. | ||
| 500 | _a32 | ||
| 520 | _aL’art n’est pas un simple reflet, mais une élaboration symbolique en marche. Depuis quarante ans, une issue à la domination sociale et culturelle que subissent les classes populaires se cherche dans le cinéma réaliste anglais. Que faire d’une ressource qui n’a plus cours quand elle continue à définir une identité sociale ? Comment devenir autre tout en demeurant soimême ? Quand la virilité ne trouve plus sa rémunération sur le marché du travail anglais, reste une issue, confusément élaborée ici : conjuguer la masculinité traditionnelle au féminin. | ||
| 520 | _aBritish realistic films since 40 years : masculinity in a feminine way ? Art is not a mere reflection, but a symbolical research in process. Since forty years, a solution has been purchased in the English realistic cinema against the social and cultural domination that the working class is suffering. What to do with a resource that has no more value, when it goes on defining a social identity ? How to change while remaining oneself ? When virility doesn’t find any longer its retribution on the English labor market, there remains a solution, confusely thought here : to use the traditional masculinity in a feminine way. | ||
| 786 | 0 | _nLe Mouvement Social | 198 | 1 | 2002-01-01 | p. III-III | 0027-2671 | |
| 856 | 4 | 1 | _uhttps://shs.cairn.info/revue-le-mouvement-social1-2002-1-page-III?lang=fr&redirect-ssocas=7080 |
| 999 |
_c1676105 _d1676105 |
||